|
|
|
|
| LEADER |
00000nab a2200000 a 4500 |
| 001 |
vtls011131858 |
| 003 |
SK-MaSNL |
| 005 |
20260303150908.0 |
| 008 |
230222|2012 xo |||||||||||||||||slo| |
| 015 |
|
|
|a SNBRB
|
| 035 |
|
|
|a (uuid)abe4c170-75a5-41d0-b280-2cf246841970
|
| 035 |
|
|
|a (urnnbn)urn:nbn:sk:snk:ar-a09lx6
|
| 035 |
|
|
|a urn:nbn:sk:snk-aba9mx
|
| 040 |
|
|
|a SNKBUCL
|b slo
|c SNKBUCL
|e AACR2
|
| 041 |
0 |
|
|a slo
|
| 044 |
|
|
|a xo
|c SK
|
| 100 |
1 |
|
|a Leštianska, Adriana
|4 aut
|9 541691
|
| 245 |
1 |
0 |
|a VLHKOSTNÉ POMERY VYBRANÝCH LESNÝCH VEGETAČNÝCH STUPŇOV OBLASTI ZVOLENSKEJ KOTLINY V PRIEBEHU METEOROLOGICKY ODLIŠNÝCH VEGETAČNÝCH OBDOBÍ
|c Adriana Leštianska, Katarína Střelcová
|
| 700 |
1 |
|
|a Střelcová, Katarína
|4 aut
|9 329791
|
| 773 |
0 |
|
|t Acta Facultatis Forestalis Zvolen Czechoslovakia
|g Roč. 54, č. 2 (2012), s. 87-98
|
| 954 |
|
|
|a odborná, vedecká literatúra pôvodná (slovenská)
|2 lita
|
| 958 |
|
|
|a OND
|
| 958 |
|
|
|a EUIPO
|
| 958 |
|
|
|a article13
|
| 999 |
|
|
|c 2014368
|d 2016298
|